000
00297nam a22001337a 4500
003
SGT
082
_a
617.0707
_b
S09R
100
_a
RAI, RADHIKA
245
_a
STEM CELLS
260
_a
DELHI NCR
_b
SGT UNIVERSITY GURUGRAM
_c
2009
300
_a
1-188
650
_a
ORAL PATHOLOGY
942
_2
ddc
_c
TH
999
_c
18504
_d
18504